000 00706nas a2200265 4500
001 BR9207118
003 BR-BrBNA
005 20231205100457.0
007 ta
008 230509b bl.|||p| |||| 00| 00por d
040 _aBR-BrBNA
_bpor
_cBiblioteca Nacional de Agricultura
041 _a(Pt)
072 _aL01
100 1 _aCastro, C.M. de O.
245 1 _aSobrevivencia da avicultura nacional
650 _aFrango
650 _aOvo
650 _aAvicultura
650 _aCriacao
650 _aMao-de-Obra
650 _aPratico
773 0 _tAves e Ovos (Brazil)
_xISSN 0005-2000
_g(Jul 1968), v. 3(17) p. 30-31
_wBR9207118
909 _a202311
_bLúcia
_c55
_dLúcia Elande
942 _2AGRIS
_n0
_cANA
999 _c156254
_d156254